[Event "CRO-chT2 West"]
[Site "Rijeka"]
[Date "2020.10.11"]
[Round "5.3"]
[White "Barcal, Aleksandar"]
[Black "Fattorich, Igor"]
[Result "1/2-1/2"]
[WhiteElo "1978"]
[BlackElo "1978"]
[PlyCount "63"]
[EventDate "2020.09.12"]
[EventType "team-tourn"]
[EventRounds "9"]
[EventCountry "CRO"]
[SourceTitle "EXT 2022"]
[Source "ChessBase"]
[SourceDate "2021.10.06"]
[SourceVersion "1"]
[SourceVersionDate "2021.10.06"]
[SourceQuality "1"]
[WhiteTeam "Buje"]
[BlackTeam "Rovinj Batana"]
[WhiteTeamCountry "CRO"]
[BlackTeamCountry "CRO"]

1. e4 c5 2. Nf3 d6 3. d4 cxd4 4. Nxd4 Nf6 5. Nc3 a6 6. Be3 e6 7. Be2 Be7 8. 0-0 Qc7 9. f4 Nbd7 10. Qe1 b5 11. a3 Bb7 12. Bf3 Nb6 13. Rd1 Nc4 14. Bc1 Rc8 15. Rd3 g6 16. b3 Nb6 17. e5 Nfd7 18. exd6 Bxd6 19. Bxb7 Qxb7 20. Nxe6 Be7 21. Nd4 Kf8 22. Kh1 Bf6 23. Nce2 Kg7 24. Qg3 Qe4 25. f5 Be5 26. Bf4 Nd5 27. fxg6 hxg6 28. Qf3 Qxf3 29. Rfxf3 Nxf4 30. Nxf4 Bxd4 31. Rxd4 Rxc2 32. h3 1/2-1/2

[Event "CRO-chT2 West"]
[Site "Rijeka"]
[Date "2020.10.10"]
[Round "4.3"]
[White "Orenda, Omar"]
[Black "Barcal, Aleksandar"]
[Result "1-0"]
[WhiteElo "2134"]
[BlackElo "1978"]
[PlyCount "71"]
[EventDate "2020.09.12"]
[EventType "team-tourn"]
[EventRounds "9"]
[EventCountry "CRO"]
[SourceTitle "EXT 2022"]
[Source "ChessBase"]
[SourceDate "2021.10.06"]
[SourceVersion "1"]
[SourceVersionDate "2021.10.06"]
[SourceQuality "1"]
[WhiteTeam "Rijeka II"]
[BlackTeam "Buje"]
[WhiteTeamCountry "CRO"]
[BlackTeamCountry "CRO"]

1. d4 d5 2. c4 e6 3. Nc3 Nf6 4. cxd5 exd5 5. Bg5 Be7 6. Qc2 0-0 7. e3 c6 8. Bd3 Nbd7 9. Nf3 Re8 10. 0-0 Nf8 11. Rab1 Ng6 12. Bxf6 Bxf6 13. b4 a6 14. a4 Nf8 15. b5 axb5 16. axb5 Bg4 17. Nd2 Qd6 18. bxc6 bxc6 19. Rfc1 Reb8 20. Na4 Rxb1 21. Rxb1 Bd8 22. Nc5 Bc7 23. Nf1 h5 24. Na6 Bd8 25. Qc5 Qxc5 26. Nxc5 Nd7 27. Na6 Rc8 28. h3 Be6 29. Ng3 g6 30. Ne2 c5 31. Nxc5 Nxc5 32. dxc5 Rxc5 33. Nf4 Kg7 34. Bxg6 Bc7 35. Nxe6+ fxe6 36. Bxh5 1-0

[Event "CRO-chT2 West"]
[Site "Croatia"]
[Date "2015.03.22"]
[Round "5.4"]
[White "Barcal, Aleksandar"]
[Black "Ramesa, Marin"]
[Result "1/2-1/2"]
[WhiteElo "2038"]
[BlackElo "2177"]
[PlyCount "115"]
[EventDate "2015.02.21"]
[EventType "team-tourn"]
[EventRounds "9"]
[EventCountry "CRO"]
[SourceTitle "EXT 2016"]
[Source "ChessBase"]
[SourceDate "2015.10.08"]
[SourceVersion "1"]
[SourceVersionDate "2015.10.08"]
[SourceQuality "1"]
[WhiteTeam "Buje"]
[BlackTeam "Rijeka Junior"]
[WhiteTeamCountry "CRO"]
[BlackTeamCountry "CRO"]

1. e4 c5 2. Nf3 e6 3. d4 cxd4 4. Nxd4 Nc6 5. Be3 Nf6 6. Bd3 Qc7 7. 0-0 Nxd4 8. Bxd4 Bc5 9. Bxc5 Qxc5 10. Qe2 d6 11. Kh1 0-0 12. Nd2 e5 13. h3 g6 14. Nb3 Qc7 15. Rad1 Be6 16. Qd2 d5 17. exd5 Nxd5 18. Be4 Rad8 19. Qa5 b6 20. Qb5 Nf4 21. Rfe1 Bc4 22. Qc6 Qxc6 23. Bxc6 f6 24. Kh2 Be6 25. Nc1 Rxd1 26. Rxd1 Rc8 27. g3 Rxc6 28. gxf4 Rxc2 29. fxe5 fxe5 30. Kg3 Bf5 31. Re1 e4 32. b3 Rc3+ 33. Kf4 Rf3+ 34. Ke5 Rxf2 35. Ne2 Kg7 36. h4 Rg2 37. h5 Bg4 38. Nf4 Rxa2 39. hxg6 hxg6 40. Kxe4 g5 41. Rg1 gxf4 42. Rxg4+ Kf6 43. Rxf4+ Ke6 44. Rh4 Kd6 45. Kd4 Kc6 46. Kc4 Rc2+ 47. Kb4 a5+ 48. Ka3 Rd2 49. Rh6+ Kb7 50. Rh7+ Ka6 51. Rh6 Rd4 52. Rg6 Rd5 53. Rh6 Kb5 54. Rh8 Kc5 55. Rc8+ Kd4 56. b4 axb4+ 57. Kxb4 b5 58. Rb8 1/2-1/2

[Event "CRO-chT2 West"]
[Site "Croatia"]
[Date "2015.03.21"]
[Round "4.4"]
[White "Res, Ivica"]
[Black "Barcal, Aleksandar"]
[Result "1-0"]
[WhiteElo "2059"]
[BlackElo "2038"]
[PlyCount "45"]
[EventDate "2015.02.21"]
[EventType "team-tourn"]
[EventRounds "9"]
[EventCountry "CRO"]
[SourceTitle "EXT 2016"]
[Source "ChessBase"]
[SourceDate "2015.10.08"]
[SourceVersion "1"]
[SourceVersionDate "2015.10.08"]
[SourceQuality "1"]
[WhiteTeam "Karlobag"]
[BlackTeam "Buje"]
[WhiteTeamCountry "CRO"]
[BlackTeamCountry "CRO"]

1. c4 c5 2. g3 g6 3. Bg2 Bg7 4. Nf3 Nf6 5. 0-0 0-0 6. Nc3 Nc6 7. d4 cxd4 8. Nxd4 Ng4 9. e3 Nge5 10. b3 Qa5 11. Bd2 d6 12. Nce2 Qb6 13. Bc3 Bg4 14. Qd2 Bxe2 15. Nxe2 Rad8 16. h3 Nd7 17. Bxg7 Kxg7 18. Rac1 Nf6 19. Rfd1 a5 20. Nc3 e6 21. Qb2 Ne5 22. Nb5 Rd7 23. Nxd6 1-0

[Event "CRO-chT2 West"]
[Site "Croatia"]
[Date "2015.02.22"]
[Round "2.4"]
[White "Krsovnik, Emil"]
[Black "Barcal, Aleksandar"]
[Result "1-0"]
[WhiteElo "2071"]
[BlackElo "2038"]
[PlyCount "41"]
[EventDate "2015.02.21"]
[EventType "team-tourn"]
[EventRounds "9"]
[EventCountry "CRO"]
[SourceTitle "EXT 2016"]
[Source "ChessBase"]
[SourceDate "2015.10.08"]
[SourceVersion "1"]
[SourceVersionDate "2015.10.08"]
[SourceQuality "1"]
[WhiteTeam "Rijeka Kvarner"]
[BlackTeam "Buje"]
[WhiteTeamCountry "CRO"]
[BlackTeamCountry "CRO"]

1. e4 e5 2. Nf3 Nc6 3. Bb5 a6 4. Ba4 Bc5 5. c3 Nf6 6. 0-0 Nxe4 7. Qe2 Nf6 8. d4 Be7 9. dxe5 Nd5 10. Rd1 Nb6 11. Bb3 0-0 12. Be3 Kh8 13. Nbd2 Qe8 14. Ne4 Bd8 15. Bxb6 cxb6 16. Nd6 Qe7 17. Qc4 Na5 18. Qd5 Nxb3 19. axb3 Qe6 20. Nxc8 Rxc8 21. Qxd7 1-0

[Event "CRO-chT2 West"]
[Site "Croatia"]
[Date "2015.02.21"]
[Round "1.4"]
[White "Barcal, Aleksandar"]
[Black "Ikica, Ante"]
[Result "1/2-1/2"]
[WhiteElo "2038"]
[BlackElo "1962"]
[PlyCount "113"]
[EventDate "2015.02.21"]
[EventType "team-tourn"]
[EventRounds "9"]
[EventCountry "CRO"]
[SourceTitle "EXT 2016"]
[Source "ChessBase"]
[SourceDate "2015.10.08"]
[SourceVersion "1"]
[SourceVersionDate "2015.10.08"]
[SourceQuality "1"]
[WhiteTeam "Buje"]
[BlackTeam "Porec Gortan"]
[WhiteTeamCountry "CRO"]
[BlackTeamCountry "CRO"]

1. e4 e5 2. Nf3 Nf6 3. Nc3 d6 4. d4 Nbd7 5. Bc4 Be7 6. 0-0 c6 7. Kh1 0-0 8. Bb3 b5 9. a3 a6 10. Bg5 Re8 11. Qd2 Qc7 12. Rae1 Bb7 13. Nd1 c5 14. dxe5 dxe5 15. Bd5 Nxd5 16. exd5 f6 17. Bh4 Nb6 18. Ne3 Rad8 19. Qa5 Nxd5 20. Qxc7 Nxc7 21. Rd1 Ne6 22. c3 c4 23. Bg3 Nc5 24. Rxd8 Rxd8 25. Rd1 Nd3 26. Rd2 Kf7 27. Kg1 Ke6 28. h3 f5 29. Bh4 Bxf3 30. Bxe7 Rd7 31. gxf3 Rxe7 32. b3 f4 33. bxc4 fxe3 34. Rxd3 exf2+ 35. Kxf2 bxc4 36. Rd8 Rf7 37. Ke3 Rd7 38. Re8+ Kf7 39. Rxe5 Rd3+ 40. Ke4 Rxc3 41. Ra5 Rc1 42. Rxa6 Rh1 43. Rc6 Ra1 44. Rxc4 Rxa3 45. Kf4 h6 46. Kg4 Ra5 47. Rc7+ Kg6 48. Rc6+ Kh7 49. f4 h5+ 50. Kg3 Ra3+ 51. Kh4 g6 52. f5 gxf5 53. Kxh5 Rxh3+ 54. Kg5 Rf3 55. Rf6 Kg7 56. Rxf5 Rxf5+ 57. Kxf5 1/2-1/2

[Event "CRO-chT2 West"]
[Site "Croatia"]
[Date "2014.11.16"]
[Round "8.44"]
[White "Glavas, Dragan"]
[Black "Barcal, Aleksandar"]
[Result "1-0"]
[WhiteElo "2265"]
[BlackElo "2072"]
[PlyCount "57"]
[EventDate "2014.03.15"]
[EventType "team-tourn"]
[EventRounds "9"]
[EventCountry "CRO"]
[SourceTitle "EXT 2019"]
[Source "ChessBase"]
[SourceDate "2018.10.10"]
[SourceVersion "1"]
[SourceVersionDate "2018.10.10"]
[SourceQuality "1"]
[WhiteTeam "Pula"]
[BlackTeam "Buje"]
[WhiteTeamCountry "CRO"]
[BlackTeamCountry "CRO"]

1. d4 d5 2. c4 e6 3. Nc3 Nf6 4. cxd5 exd5 5. Bg5 Be7 6. Qc2 0-0 7. e3 h6 8. Bh4 c6 9. Bd3 b6 10. Nf3 Bb7 11. 0-0 Nbd7 12. h3 Bd6 13. Bh7+ Kh8 14. Bf5 Qc7 15. Rac1 a6 16. Bxd7 Qxd7 17. Bxf6 gxf6 18. Nh4 Rg8 19. Nf5 Bf8 20. Ne2 Re8 21. Neg3 Rg6 22. Qb3 Qd8 23. Qd1 c5 24. Qf3 c4 25. Rxc4 dxc4 26. Qxb7 Bd6 27. Qxf7 Reg8 28. Qxc4 Qb8 29. Qe6 1-0

[Event "CRO-chT2 West"]
[Site "Croatia"]
[Date "2014.03.29"]
[Round "4.54"]
[White "Barcal, Aleksandar"]
[Black "Zezelj, Milan"]
[Result "1-0"]
[WhiteElo "2072"]
[BlackElo "2022"]
[PlyCount "44"]
[EventDate "2014.03.15"]
[EventType "team-tourn"]
[EventRounds "9"]
[EventCountry "CRO"]
[SourceTitle "EXT 2019"]
[Source "ChessBase"]
[SourceDate "2018.10.10"]
[SourceVersion "1"]
[SourceVersionDate "2018.10.10"]
[SourceQuality "1"]
[WhiteTeam "Buje"]
[BlackTeam "Rijeka CC II"]
[WhiteTeamCountry "CRO"]
[BlackTeamCountry "CRO"]

1. e4 Nc6 2. d4 e5 3. dxe5 Nxe5 4. f4 Ng6 5. Nf3 Bc5 6. Bc4 d6 7. h4 h5 8. f5 N6e7 9. Ng5 Nh6 10. Qxh5 d5 11. Bb3 Qd6 12. Qf3 Bd7 13. Nc3 dxe4 14. Ncxe4 Qe5 15. f6 Bg4 16. Qd3 Nc6 17. fxg7 Rg8 18. Qd5 Rxg7 19. Qxe5+ Nxe5 20. Nxc5 0-0-0 21. 0-0 b6 22. Nce4 f5 1-0

[Event "CRO-chT2 West"]
[Site "Croatia"]
[Date "2013.10.19"]
[Round "7.14"]
[White "Barcal, Aleksandar"]
[Black "Kanceljak, Dalia"]
[Result "1-0"]
[WhiteElo "2081"]
[BlackElo "1907"]
[PlyCount "87"]
[EventDate "2013.03.16"]
[EventType "team-tourn"]
[EventRounds "9"]
[EventCountry "CRO"]
[SourceTitle "EXT 2019"]
[Source "ChessBase"]
[SourceDate "2018.10.10"]
[SourceVersion "1"]
[SourceVersionDate "2018.10.10"]
[SourceQuality "1"]
[WhiteTeam "Buje"]
[BlackTeam "Rijeka CC II"]
[WhiteTeamCountry "CRO"]
[BlackTeamCountry "CRO"]

1. e4 e6 2. d4 d5 3. Nc3 Nf6 4. Bg5 Be7 5. Bxf6 Bxf6 6. e5 Be7 7. Nce2 0-0 8. f4 c5 9. c3 cxd4 10. cxd4 Bb4+ 11. Nc3 Nc6 12. a3 Bxc3+ 13. bxc3 a6 14. Bd3 b5 15. Ne2 Qh4+ 16. g3 Qh3 17. Kf2 f6 18. exf6 Rxf6 19. Ng1 Qh6 20. Nf3 Qh5 21. Re1 Bd7 22. Kg2 Rh6 23. h4 Ne7 24. Re5 Qe8 25. Rg5 Qc8 26. Rc1 Rf6 27. h5 Be8 28. Nh2 Nf5 29. Qe2 Nxd4 30. Qe5 Nc6 31. Qxf6 Ra7 32. Ng4 Bg6 33. Rxg6 hxg6 34. Qxg6 Kf8 35. Re1 Nd8 36. h6 gxh6 37. Qxh6+ Rg7 38. Qh8+ Rg8 39. Qf6+ Ke8 40. Ne5 Qxc3 41. Bg6+ Rxg6 42. Qxg6+ Kf8 43. Qf6+ Ke8 44. Qh8+ 1-0

[Event "CRO-chT2 West"]
[Site "Rijeka"]
[Date "2012.04.22"]
[Round "5.24"]
[White "Barcal, Aleksandar"]
[Black "Krsnik, Cohar Ivan Vihor"]
[Result "0-1"]
[WhiteElo "2119"]
[BlackElo "1984"]
[PlyCount "96"]
[EventDate "2012.03.17"]
[EventType "team-tourn"]
[EventRounds "9"]
[EventCountry "CRO"]
[SourceTitle "EXT 2013"]
[Source "ChessBase"]
[SourceDate "2012.11.22"]
[SourceVersion "1"]
[SourceVersionDate "2012.11.22"]
[SourceQuality "1"]

1. e4 d5 2. exd5 Qxd5 3. d4 Nf6 4. Nc3 Qd6 5. Bc4 c6 6. Nge2 Bg4 7. f3 Bh5 8. 0-0 e6 9. Ng3 Bg6 10. Nce4 Qd8 11. Nxf6+ Qxf6 12. c3 Bd6 13. Ne4 Bxe4 14. fxe4 Qh4 15. e5 Bxe5 16. dxe5 Qxc4 17. Qh5 0-0 18. Be3 Nd7 19. Rf4 Qd3 20. Re1 Qg6 21. Qh4 Nxe5 22. Bc5 Nd3 23. Rg4 Qf5 24. Bxf8 Rxf8 25. Re3 Nxb2 26. Rb4 Qb1+ 27. Re1 Qc2 28. Rxb7 Qxc3 29. Rb1 Nd3 30. Rb8 Qc5+ 31. Kh1 g5 32. Rxf8+ Kxf8 33. Qh6+ Ke7 34. h3 Nf2+ 35. Kh2 Qe5+ 36. Kg1 Qe3 37. Rb7+ Ke8 38. Kh2 Qe5+ 39. Kg1 Qe1+ 40. Kh2 Qe5+ 41. Kg1 Qe1+ 42. Kh2 Qh1+ 43. Kg3 Ne4+ 44. Kf3 Nd2+ 45. Ke3 Qxg2 46. Qxh7 Nf1+ 47. Kd4 c5+ 48. Kxc5 Qd5+ 0-1

[Event "CRO-chT2 West"]
[Site "Croatia"]
[Date "2010.03.28"]
[Round "3.36"]
[White "Lulic, Igor"]
[Black "Barcal, Aleksandar"]
[Result "1/2-1/2"]
[WhiteElo "2055"]
[BlackElo "2073"]
[PlyCount "22"]
[EventDate "2010.03.27"]
[EventType "team-tourn"]
[EventRounds "9"]
[EventCountry "CRO"]
[SourceTitle "EXT 2012"]
[Source "ChessBase"]
[SourceDate "2011.11.24"]
[SourceVersion "1"]
[SourceVersionDate "2011.11.24"]
[SourceQuality "1"]

1. e4 e6 2. d4 d5 3. exd5 exd5 4. Bd3 Nf6 5. h3 Bd6 6. Nf3 0-0 7. 0-0 c6 8. Re1 c5 9. c4 dxc4 10. Bxc4 cxd4 11. Nxd4 Bc5 1/2-1/2

[Event "Lucija Domen op 1st"]
[Site "Lucija"]
[Date "2006.05.08"]
[Round "6"]
[White "Garic, Mario"]
[Black "Barcal, Aleksandar"]
[Result "1-0"]
[WhiteElo "1990"]
[BlackElo "2142"]
[PlyCount "69"]
[EventDate "2006.05.05"]
[EventType "swiss"]
[EventRounds "7"]
[EventCountry "SLO"]
[SourceTitle "EXT 2008"]
[Source "ChessBase"]
[SourceDate "2007.11.25"]
[SourceVersion "1"]
[SourceVersionDate "2007.11.25"]
[SourceQuality "1"]

1. e4 e6 2. d4 d5 3. Nc3 Nf6 4. Bg5 Bb4 5. Bd3 c5 6. Nf3 c4 7. e5 cxd3 8. exf6 gxf6 9. Bh4 dxc2 10. Qxc2 Nc6 11. 0-0 Be7 12. Rad1 Bd7 13. Rfe1 Qa5 14. a3 0-0-0 15. b4 Qxa3 16. Nb5 Qa6 17. Nxa7+ Qxa7 18. b5 Kc7 19. Ne5 Ra8 20. bxc6 Bxc6 21. Nxf7 Rhf8 22. Nh6 Qa4 23. Qxh7 Rae8 24. Qg7 Kb8 25. Bg3+ Kc8 26. h3 f5 27. Qe5 Bd8 28. Qb8+ Kd7 29. Ra1 Qb4 30. Reb1 Ba5 31. Rxb4 Rxb8 32. Rxa5 f4 33. Bh2 Ra8 34. Rxa8 Rxa8 35. Bxf4 1-0

[Event "Lucija Domen op 1st"]
[Site "Lucija"]
[Date "2006.05.06"]
[Round "3"]
[White "Barcal, Aleksandar"]
[Black "Habjan, Marko"]
[Result "1/2-1/2"]
[WhiteElo "2142"]
[BlackElo "1883"]
[PlyCount "61"]
[EventDate "2006.05.05"]
[EventType "swiss"]
[EventRounds "7"]
[EventCountry "SLO"]
[SourceTitle "EXT 2008"]
[Source "ChessBase"]
[SourceDate "2007.11.25"]
[SourceVersion "1"]
[SourceVersionDate "2007.11.25"]
[SourceQuality "1"]

1. e4 c5 2. Nf3 a6 3. d4 cxd4 4. Nxd4 e5 5. Nb3 Nf6 6. Bc4 Be7 7. 0-0 0-0 8. Nc3 Nc6 9. Bg5 b5 10. Bxf6 Bxf6 11. Be2 g6 12. Nd5 Bg7 13. a4 Rb8 14. a5 d6 15. Qd2 Be6 16. Rfd1 Nd4 17. Nxd4 exd4 18. Nb4 Qc8 19. Rac1 Qb7 20. c3 Bb3 21. cxd4 Bxd1 22. Rxd1 Rbc8 23. d5 Rc5 24. Nc6 Rc8 25. Bg4 R8xc6 26. dxc6 Qxc6 27. g3 Bf8 28. Bf3 Rc4 29. b4 Rc3 30. Kg2 Qc4 31. Qd4 1/2-1/2